[Event "84th BRA-ch 2017"]
[Site "Rio de Janeiro"]
[Date "2018.02.07"]
[Round "1.2"]
[White "Fier, Alexandr"]
[Black "Abrantes, Tiago Garrido"]
[Result "1-0"]
[WhiteElo "2557"]
[BlackElo "2158"]
[Annotator "TA"]
[PlyCount "161"]
[EventDate "2018.??.??"]
[EventType "k.o."]
[EventCountry "BRA"]
[SourceTitle "playchess.com"]
[Source "ChessBase"]
[SourceQuality "1"]

{[%evp 10,161,39,6,128,98,122,99,104,110,108,102,185,183,191,129,129,128,141,148,148,113,156,158,149,147,171,135,141,119,112,109,123,124,140,122,122,122,122,122,135,120,137,134,172,165,199,159,172,181,184,159,159,159,194,189,194,163,181,172,189,162,162,149,149,155,131,101,110,74,101,62,66,64,78,75,152,170,128,69,139,135,287,177,184,121,139,70,123,106,137,106,106,106,106,106,106,-11,86,68,76,68,109,0,22,8,8,8,25,11,70,70,114,107,286,266,300,281,380,375,368,365,352,351,300,301,1354,1354,1599,1525,1382,969,29975,29977,29986,29987,29984,29973,29973,29974,29974,29975,29974,29975,29976,29971,29965,9677,29988,29989,29989,29990,29991,29992]} 1. d4 c5 2. e4 cxd4 3. Nf3 e5 4. c3 dxc3 (4... Nc6 5. cxd4 exd4 6. Nxd4 Nf6 7. Nc3 Bb4 8. Nxc6 bxc6 9. Bd3 O-O 10. O-O Re8 11. Qc2 Bc5 12. h3 d6 13. Re1 Rb8 14. Bf4 Nh5 15. Be3 Bxe3 16. Rxe3 Qg5 {1-0 (76) Noble,M (2552)-Staniszewski,J (2509) ICCF email 2012}) 5. Nxc3 d6 6. Bc4 {LiveBook: 5 Partien. Weiss will Dd5 spielen. B21: Sizilianisch (Morra-Gambit 2.d4 und 2.f4)} Be7 (6... Nc6 $1 $11 {hält das Gleichgewicht.}) 7. Qb3 $16 Be6 8. Bxe6 {Weiß steht besser.} fxe6 9. Qxe6 Qd7 10. Qb3 Na6 (10... Nc6 $16) 11. Be3 $18 Nh6 $146 ({Vorgänger:} 11... Nf6 12. O-O h6 13. Rfe1 Ng4 14. Rac1 Nxe3 15. fxe3 Nc5 16. Qc4 Qe6 17. Nd5 Rc8 18. b4 Qg4 19. Qb5+ {1-0 (19) Malakhevich,E (2129)-Vyatkin,D (2162) Dagomys 2004}) 12. h3 ({Günstiger ist} 12. Bxh6 $18 Nc5 13. Qc4 gxh6 14. Rd1) 12... Nf7 $16 13. Rd1 Qc6 14. Nd5 Bd8 15. O-O O-O 16. Rc1 Qd7 17. Rfd1 {Sxe5! ist eine echte Drohung.} Kh8 18. a4 b6 19. Qc2 Nc5 20. a5 Qa4 21. axb6 Bxb6 22. Bxc5 Qxc2 23. Rxc2 Bxc5 24. b4 Bb6 25. Rc6 Rac8 26. Rdc1 Rxc6 27. Rxc6 Rb8 28. Nd2 Bd4 29. Nb3 Bb6 30. Kf1 Kg8 31. Nd2 Bd4 32. Nc4 Rd8 33. f3 Kf8 34. Na5 Ke8 35. Nb7 Rd7 36. Rc8+ Nd8 37. Nc7+ Ke7 38. Na5 Kf7 39. Nc4 Ne6 40. Nd5 Nf4 $1 41. Na5 Nxd5 42. exd5 $14 {[%mdl 4096] Endspiel KTL-KTS} g6 (42... Kg6 $142) 43. Ke2 $16 Bb6 44. Nc6 (44. Kd3 $16) 44... h5 (44... Kf6 $14) 45. Kd3 Rb7 $2 (45... Kf6 $16 {kämpft weiter.}) 46. Rh8 Kf6 47. h4 (47. Re8 $18) 47... Rd7 48. Ke2 (48. Kc4 $16) 48... Rf7 (48... Kg7 $14 49. Re8 Rf7) 49. Re8 {Und weiter mit Te6+ wäre nett.} Rd7 50. Re6+ Kf7 51. g4 Bd8 52. gxh5 gxh5 53. Rh6 ({Weiss kommt nicht vorbei an} 53. Nxd8+ $16 Rxd8 54. Kd3) 53... Bxh4 (53... Kg7 $1 $11 54. Re6 (54. Rxh5 $2 Bf6 $19) 54... Bxh4) 54. Rxh5 Bf6 55. Rh1 Kg6 56. Ke3 (56. Ra1 $16 Rb7 57. Rxa7) 56... Bd8 57. Rh8 Bb6+ 58. Ke2 Kf6 59. Re8 Kf7 (59... Kg5 $11) 60. Re6 $14 Bg1 61. Kd3 Bf2 $2 {[#]} (61... Bb6 $16 {war einen Versuch wert.}) 62. Ke4 $1 $18 Kg7 {[#]} 63. Ne7 $1 Be1 64. Nf5+ Kf8 65. Nxd6 Bxb4 66. Nc4 ({Weniger gut wäre} 66. Kxe5 Bc3+ 67. Ke4 a5 $16) 66... a5 67. Ra6 ({Nicht} 67. Nxe5 Rd6 $14) ({Schwächer ist} 67. Kxe5 Bc3+ 68. Ke4 Re7 $16) (67. Rxe5 a4 $14) 67... Rf7 $2 (67... Kg7 68. Nxe5 Rd8) 68. Nxe5 Rc7 69. d6 Rc1 70. d7 Re1+ 71. Kf5 Be7 72. Ra8+ Kg7 73. d8=Q Bxd8 74. Rxd8 {KTS-KT} Rb1 75. Rd7+ Kg8 76. Ra7 Rb5 77. f4 {[%cal Bf3f4,Bf4f5][%mdl 32]} Kf8 78. Kg4 (78. Ke6 $142 Rb6+ 79. Kd5 Ke8 80. Nc4 Rb8 81. f5 Rd8+ 82. Nd6+ Kf8 83. Ke6) 78... Kg8 79. Ng6 {Weiß setzt Matt.} a4 80. f5 Rb4+ 81. Kg5 {Precision: Weiß = 67%, Schwarz = 33%.} 1-0

[Event "84th BRA-ch 2017"]
[Site "Rio de Janeiro"]
[Date "2018.02.07"]
[Round "1.2"]
[White "Mekhitarian, Krikor Sevag"]
[Black "Bouwman, Marcelo Wanderley"]
[Result "1-0"]
[WhiteElo "2529"]
[BlackElo "2247"]
[Annotator "TA"]
[PlyCount "79"]
[EventDate "2018.??.??"]
[EventType "k.o."]
[EventCountry "BRA"]
[SourceTitle "playchess.com"]
[Source "ChessBase"]
[SourceQuality "1"]

{[%evp 14,79,67,37,61,-38,-40,-43,-34,-48,-22,-32,-18,-23,95,-24,-18,-16,-31,-33,-36,-27,-21,-61,-47,-57,-43,-62,-32,-65,0,0,47,0,0,0,0,0,0,0,153,0,0,0,54,55,475,459,880,881,935,928,952,949,928,924,1834,1825,2064,1990,2897,2489,6336,5509,5509,5509,5910,5509]} 1. Nf3 f5 2. g3 Nf6 3. Bg2 e6 4. c4 d5 5. O-O Bd6 6. d3 c6 7. Nc3 Bc7 {A10: Abarten von Holländisch, Damenindisch, Königsindisch (ohne d2-d4)} 8. e4 {LiveBook: 3 Partien} d4 9. Ne2 (9. e5 $14 dxc3 10. exf6 cxb2 11. Bxb2 gxf6 12. d4) 9... fxe4 $15 {Schwarz steht etwas besser.} 10. dxe4 {Und weiter mit e5 wäre nett.} e5 11. Ne1 Be6 $146 ({Vorgänger:} 11... Qe7 12. Nd3 O-O 13. f4 Nbd7 14. b3 exf4 15. Bxf4 Bxf4 16. Nexf4 {½-½ (31) Kreisl,R (2406)-Schroll,G (2388) Austria 2012}) 12. b3 c5 13. Nd3 Qe7 {[#]} (13... Nbd7 $11 {hält das Gleichgewicht.}) 14. f4 (14. Nef4 $1 $16) 14... Nc6 $11 15. fxe5 Nxe5 16. Nef4 Bg4 17. Qc2 O-O 18. Bd2 g5 19. Nxe5 Bxe5 ({Nur nicht} 19... Qxe5 $2 20. Nd3 $18) 20. Nd3 h6 21. Rae1 Rf7 (21... Nd7 $15) 22. b4 b6 23. bxc5 bxc5 24. Qa4 Raf8 25. Qc6 Rc8 26. Qa6 $1 {Schwarz muss nun Tf5! beachten.} Rc7 $2 {[#]} (26... Rb8 $11) 27. Bc1 $2 (27. Ba5 $1 $16) 27... Bc8 28. Qa5 Qd6 (28... Ng4 $11) 29. Ba3 $14 {[%cal Ra3c5]} Bxg3 $2 {[%mdl 8192]} (29... Nd7 $14) 30. hxg3 $18 {Weiß steht klar auf Gewinn.} Qxg3 (30... Ng4 $142 31. Rxf7 Kxf7 32. Rf1+ Kg7) 31. Rf3 Qh4 {[#]} 32. Rxf6 $1 {[%mdl 512]} Qg3 (32... Rxf6 33. Qxc7) 33. Rxf7 Rxf7 34. Qd8+ Rf8 35. Qd5+ Kh7 36. Bxc5 Bh3 37. e5 {[%cal Be4e5,Be5e6][%mdl 32]} Rf5 38. Qe4 Kg7 39. e6 {Weiss will mit e7 Matt setzen.} Rxc5 40. Nxc5 {Precision: Weiß = 57%, Schwarz = 19%.} 1-0

[Event "84th BRA-ch 2017"]
[Site "Rio de Janeiro"]
[Date "2018.02.07"]
[Round "1.2"]
[White "Proudian, Armen"]
[Black "Martins, Vinicius Tine"]
[Result "1/2-1/2"]
[WhiteElo "2423"]
[BlackElo "2287"]
[Annotator "TA"]
[PlyCount "107"]
[EventDate "2018.??.??"]
[EventType "k.o."]
[EventCountry "BRA"]
[SourceTitle "playchess.com"]
[Source "ChessBase"]
[SourceQuality "1"]

{[%evp 18,107,0,-3,0,-4,0,-1,0,-7,0,-15,0,-16,0,-6,0,-10,-13,-12,-7,-12,-7,-21,-20,-15,-15,-15,-11,-13,-13,-18,0,-20,-21,-21,-10,-23,-11,-23,-4,-37,0,0,0,0,0,0,0,-13,0,0,0,0,0,0,0,0,0,0,0,0,0,0,0,0,0,-8,-8,-8,-8,-112,-112,-112,-112,-119,-112,-136,-5,-5,-5,-5,-5,-5,-5,-5,0,0,0,0,0,0]} 1. e4 e5 2. Nf3 Nc6 3. Bb5 Nf6 4. d3 Bc5 5. O-O Nd4 6. Nxd4 Bxd4 7. c3 {C65: Ruy Lopez: Berlin Defence (3...Nf6), unusual lines and 4 0-0 Bc5} Bb6 8. Nd2 c6 9. Ba4 O-O 10. Re1 {LiveBook: 3 Games} d5 {White should prevent ...Ng4.} 11. h3 dxe4 $146 ({Predecessor:} 11... Bc7 12. Qf3 Ne8 13. Nf1 f5 14. exd5 cxd5 {1-0 (30) Bogdanovich,S (2590)-Almasi,Z (2689) Berlin 2015}) 12. dxe4 Qe7 13. Qf3 Be6 14. Nf1 Nd7 15. Ng3 Qf6 16. Qxf6 Nxf6 ({But not} 16... gxf6 17. Bh6 $16) 17. Bb3 Bxb3 18. axb3 g6 19. Bh6 Rfd8 20. Red1 Ne8 21. Kf1 Rxd1+ 22. Rxd1 Rd8 23. Rxd8 Bxd8 $11 {[%mdl 4096] Endgame KBN-KBN} 24. Ke2 f6 25. Kd3 Bb6 26. f3 Nc7 27. Bd2 Ne6 28. Nf1 Kf7 29. g3 Bg1 30. b4 b5 31. h4 h5 32. Ke2 f5 33. Be1 fxe4 34. fxe4 Bb6 35. Nd2 g5 36. hxg5 Nxg5 37. Nf3 Nxf3 38. Kxf3 {KB-KB} Kg6 39. g4 a6 40. Bg3 Bc7 41. Bh4 Bb6 42. Be7 hxg4+ 43. Kxg4 Be3 44. b3 {[#]} (44. Kf3 $11 {keeps the balance.} Bc1 45. Bh4) 44... Bc1 $1 $17 45. Bd6 Kf6 46. Kf3 Bb2 47. c4 {[#]} Ba3 ({Better is} 47... bxc4 $1 $17 48. bxc4 Ba3) 48. cxb5 $1 $11 {The position is equal.} cxb5 49. Bc5 {[#]} a5 $1 {[%mdl 512]} 50. Kf2 (50. bxa5 Bxc5) 50... Ke6 51. Ke3 Bxb4 52. Bxb4 axb4 53. Kf3 Kd6 54. Ke3 {Precision: White = 52%, Black = 67%.} 1/2-1/2

[Event "84th BRA-ch 2017"]
[Site "Rio de Janeiro"]
[Date "2018.02.07"]
[Round "1.2"]
[White "Macedo, Maximo Iack"]
[Black "Toth, Christian Endre"]
[Result "1-0"]
[WhiteElo "2358"]
[BlackElo "2348"]
[Annotator "TA"]
[PlyCount "111"]
[EventDate "2018.??.??"]
[EventType "k.o."]
[EventCountry "BRA"]
[SourceTitle "playchess.com"]
[Source "ChessBase"]
[SourceQuality "1"]

{[%evp 26,111,19,9,7,6,29,18,21,0,19,16,19,-3,8,-33,-32,-33,0,-5,0,-5,-15,-30,0,0,0,0,0,0,12,0,0,0,23,0,0,0,0,0,0,0,21,18,27,-70,-80,-81,-26,-59,61,61,60,55,54,58,62,72,71,60,48,33,29988,29989,29991,29988,29988,29989,29989,29990,29990,29984,29973,29957,29985,29986,29986,29987,29987,29988,29988,29989,29989,29990,29990,29991,29995,29996]} 1. d4 d5 2. c4 e6 3. Nc3 Nf6 4. cxd5 Nxd5 5. e4 Nxc3 6. bxc3 c5 7. Nf3 cxd4 8. cxd4 Bb4+ 9. Bd2 Bxd2+ 10. Qxd2 O-O 11. Bc4 Nd7 12. O-O b6 13. Rad1 Bb7 14. Rfe1 Rc8 {D41: Queen's Gambit Declined: Semi-Tarrasch with 5 cxd5} 15. Bd3 (15. Bb3 Re8 16. Re3 Nf6 17. Qd3 b5 18. d5 exd5 19. e5 Ne4 20. Qxb5 Qb6 21. Qxb6 axb6 22. h4 {½-½ (35) So,W (2788)-Dominguez Perez,L (2739) Saint Louis 2017}) 15... Qf6 16. e5 Qe7 {[#] The position is equal.} 17. Qf4 $146 ({Predecessor:} 17. Ng5 h6 18. Ne4 Bxe4 19. Bxe4 Rfd8 20. f4 g6 21. Qf2 Nf8 22. g3 {½-½ (59) Van Wely,L (2666)-Macieja,B (2636) Wolvega 2010}) 17... Bxf3 18. Qxf3 Rfd8 19. Bb1 Nf8 20. g3 Qb4 21. Re4 Qb2 22. Kg2 Rc1 {[#] White must now prevent ...Qxb1.} 23. Rxc1 Qxc1 24. Qd3 Rc8 25. Re2 Rc3 26. Qe4 a5 27. Bd3 Qa3 28. Bb5 Qb4 29. a4 h6 30. f4 Rc1 31. Qd3 Rc3 $36 {[%mdl 2048] White is under pressure.} 32. Qd1 Rb3 33. Rc2 Rb1 34. Qd2 Qb3 35. Bc4 ({White should try} 35. Kh3 $11) 35... Qxa4 $15 36. d5 exd5 ({Better is} 36... Rb4 $17 37. Qc3 exd5 38. Bxd5 Qd7) 37. Bxd5 $11 Qb4 (37... Qd7 $15) 38. Qxb4 $14 Rxb4 {[%mdl 4096] Endgame KRB-KRN} 39. Rc7 Ne6 40. Rc8+ {[%mdl 1024] White has compensation.} Kh7 41. f5 Rb2+ 42. Kf1 Nd4 43. g4 Rb5 $2 {[%mdl 8192] [#]} ({Not} 43... Rxh2 $2 44. Bxf7 h5 45. e6 $18) (43... h5 $14) 44. Bxf7 {[%csl Gf5][%cal Rf7g6] White mates.} h5 45. h4 Rb1+ 46. Kf2 Rb2+ 47. Ke3 Nc2+ 48. Ke4 Rb4+ 49. Kd3 Ne1+ 50. Kc3 Rxg4 51. Bg6+ Rxg6 52. fxg6+ Kxg6 53. Rf8 Ng2 54. e6 Ne3 55. Kd4 Nc2+ 56. Ke4 {Precision: White = 56%, Black = 40%.} 1-0

[Event "84th BRA-ch 2017"]
[Site "Rio de Janeiro"]
[Date "2018.02.07"]
[Round "1.2"]
[White "Brito, Luismar"]
[Black "Santos, Marcus Vinicius Mor"]
[Result "1-0"]
[WhiteElo "2302"]
[BlackElo "2402"]
[Annotator "TA"]
[PlyCount "93"]
[EventDate "2018.??.??"]
[EventType "k.o."]
[EventCountry "BRA"]
[SourceTitle "playchess.com"]
[Source "ChessBase"]
[SourceQuality "1"]

{[%evp 11,93,55,56,56,40,31,42,33,58,-32,-33,-22,-14,-47,-18,-25,0,0,29,-21,-14,-20,-20,-24,-24,-20,-27,-11,-12,-21,-2,-6,-13,-16,0,-36,-21,0,0,-33,-19,-22,-10,-6,0,0,0,0,0,0,54,61,52,80,174,162,260,143,131,113,273,142,160,152,256,255,239,154,313,317,299,251,311,334,321,316,273,256,544,388,889,873,29997,29998]} 1. Nc3 g6 2. d4 Bg7 3. Nf3 d6 4. e4 a6 5. a4 b6 6. Bc4 e6 7. Bg5 {B06: Modern Defence} (7. O-O Ne7 8. Bf4 Nd7 9. Qd2 h6 10. Rfe1 g5 11. Bg3 Ng6 12. h3 Nf6 13. e5 Nh5 14. Bh2 Nhf4 15. exd6 cxd6 {1-0 (36) Gustafsson,J (2630)-Fier,A (2636) Linares 2015}) 7... Ne7 8. Qd2 h6 9. Be3 {White is slightly better.} Nd7 10. Ne2 (10. O-O $14) 10... Bb7 11. Ng3 $146 ({Predecessor:} 11. Bd3 Nf6 12. Ng3 d5 13. e5 Ne4 14. Qe2 c5 15. c3 Nf5 16. Nxf5 exf5 17. Bxe4 fxe4 {½-½ (50) Mueller,B-Eckard,M Hofheim 1995}) 11... d5 12. Bd3 dxe4 13. Bxe4 Bxe4 14. Nxe4 Nd5 15. c4 Nxe3 16. fxe3 O-O 17. O-O a5 18. Rad1 Qe7 19. b3 e5 20. Nc3 e4 21. Ne1 f5 22. Nc2 Rad8 23. Qe1 Kh7 24. Nd5 Qd6 25. Qh4 c6 26. Qe7 Qxe7 27. Nxe7 Nb8 {Strongly threatening ...Rd7.} 28. d5 c5 29. Na3 Rd7 30. d6 Rfd8 (30... Bf6 $11) 31. Nb5 $14 Be5 {[%cal Re5d6]} 32. Nd5 Rb7 (32... Nc6 $16) 33. g4 $1 $18 fxg4 (33... Rf8 {was called for.} 34. Ne7 Rf6) 34. Nf6+ (34. Ne7 $1 $18 {Rf7+ is the strong threat.} Kg7 35. Rd5) 34... Bxf6 $16 35. Rxf6 Rbd7 $2 {[#]} (35... Nc6 $16) 36. Re6 (36. Nc7 $1 $18) 36... Nc6 {[#]} 37. Rf1 $1 (37. Rxe4 $6 h5 $14) 37... h5 (37... Kg7 $16) 38. Rff6 $18 Rg7 39. Nc3 (39. Rxe4 $6 Rdd7 $16) 39... Nb4 $2 (39... Nb8 $16 {might work better.} 40. Nxe4 Kh6) 40. Nxe4 Kh6 41. Nc3 Nc2 42. Nd5 Ne1 {intending ...Nf3+.} 43. Ne7 ({Not} 43. Nxb6 Nf3+ 44. Rxf3 gxf3 $16) 43... Nf3+ 44. Kf2 Kg5 $2 (44... Kh7 45. Rxg6 (45. Nxg6 Ng5 $16) 45... Rxg6 46. Rxg6 (46. Nxg6 $2 {perishes.} Ng5 $19) 46... Nxh2) 45. Nxg6 Nxh2 $2 (45... Nd2 46. Nf4 Ne4+ 47. Rxe4 Kxf6) 46. e4 {White wants to mate with Rf5+.} Nf3 47. Rf5+ {Precision: White = 51%, Black = 30%.} 1-0

[Event "84th BRA-ch 2017"]
[Site "Rio de Janeiro"]
[Date "2018.02.07"]
[Round "1.2"]
[White "Bueno, Alfeu Junior Varela"]
[Black "Matsuura, Everaldo"]
[Result "1/2-1/2"]
[WhiteElo "2271"]
[BlackElo "2492"]
[Annotator "TA"]
[PlyCount "67"]
[EventDate "2018.??.??"]
[EventType "k.o."]
[EventCountry "BRA"]
[SourceTitle "playchess.com"]
[Source "ChessBase"]
[SourceQuality "1"]

{[%evp 20,67,0,-19,-6,-49,-35,-47,-47,-56,-48,-48,-25,-30,-18,-26,-29,-32,-35,-73,-53,-70,-80,-275,-232,-275,-281,-269,-271,-242,-103,-101,-101,-104,-132,-122,-112,-116,-38,-141,-95,-224,-223,-181,0,0,0,0,0,0]} 1. e4 c5 2. Nc3 Nc6 3. g3 g6 4. Bg2 Bg7 5. d3 d6 6. Be3 Rb8 7. Qd2 b5 8. Nge2 Nd4 9. h3 b4 10. Nd1 e6 11. O-O {LiveBook: 3 Games} Ne7 {B26: Closed Sicilian: 3 g3, lines with early Be3} 12. f4 O-O 13. g4 f5 {Black is slightly better.} 14. Ng3 Qc7 (14... Qa5 15. Bf2 fxe4 16. dxe4 Ba6 17. Re1 Nec6 18. Be3 Qa4 19. b3 {0-1 (42) Krapivin,A (2495)-Azarov,S (2622) Moscow 2010}) 15. c3 $146 ({Find the theoretical novelty and annotate with similar games:} 15. exf5 exf5 16. g5 Bb7 17. c3 bxc3 18. bxc3 {0-1 (32) Cruz,P (2003)-Andrade,L (2230) Odivelas 2001}) 15... bxc3 (15... Ndc6 {NOTEXT} 16. Nf2 Qb6 17. Rfb1 d5 18. Qe1 fxe4 19. dxe4 d4) 16. bxc3 Ndc6 17. Rc1 Ba6 18. Re1 fxe4 19. Nxe4 Nd5 20. Ndf2 Nce7 21. c4 $2 (21. Ng5 $17 {was necessary.} Qd7 22. Nd1) 21... Rb2 22. Rc2 Rxc2 23. Qxc2 Nxe3 ({Don't play} 23... Nxf4 24. Bxf4 Rxf4 25. Qd2 $17) 24. Rxe3 Rxf4 (24... d5 $19 {is more deadly.} 25. Nd2 Nc6) 25. Ng5 $17 Bc8 $1 26. Nxe6 Bxe6 27. Rxe6 Bd4 28. Re2 {[#]} Nc6 (28... Qb8 $1 $17 {Hoping for ...Rf7.} 29. Qc1 Qf8) 29. a3 (29. Qd2 $15 Rf8 30. Kh1) 29... Kg7 30. Bd5 {[#]} (30. Qd2 $17 Be5 31. Re1) 30... Ne5 $1 $19 31. Kg2 Bxf2 $2 ({Black should try} 31... Qe7 $19 {Threatens to win with ...h5.} 32. Qb1 Qh4) 32. Rxf2 $11 {The position is equal.} Rxf2+ 33. Kxf2 Qe7 34. Qd2 {Precision: White = 36%, Black = 43%.} 1/2-1/2

[Event "84th BRA-ch 2017"]
[Site "Rio de Janeiro"]
[Date "2018.02.07"]
[Round "1.2"]
[White "Rocha, Vitor Firmo De Souz"]
[Black "Supi, Luis Paulo"]
[Result "0-1"]
[WhiteElo "2219"]
[BlackElo "2553"]
[Annotator "TA"]
[PlyCount "102"]
[EventDate "2018.??.??"]
[EventType "k.o."]
[EventCountry "BRA"]
[SourceTitle "playchess.com"]
[Source "ChessBase"]
[SourceQuality "1"]

{[%evp 22,102,44,42,45,45,48,34,45,30,30,18,23,22,29,0,8,0,4,0,0,0,0,-22,-19,-27,-57,-174,-157,-174,-180,-166,-167,-166,-124,-114,-125,-164,-162,-326,-320,-319,-319,-312,-316,-318,-314,-312,-311,-383,-304,-393,-387,-382,-330,-377,-374,-377,-358,-490,-480,-491,-489,-545,-534,-585,-587,-716,-718,-702,-704,-695,-689,-675,-665,-947,-901,-6149,-11454,-12843,-12843,-12848,-12849]} 1. e4 c5 2. Nf3 e6 3. d4 cxd4 4. Nxd4 a6 5. Bd3 Bc5 6. Nb3 Be7 7. Qg4 g6 8. Qe2 d6 {B42: Sicilian: Kan Variation: 5 Bd3} 9. O-O Nc6 10. Nc3 Qc7 11. Bd2 Nf6 12. Bh6 {LiveBook: 3 Games} Bf8 13. Bxf8 $146 ({Predecessor:} 13. Qd2 b6 14. Bxf8 Rxf8 {1-0 (63) Grischuk,A (2709)-Svidler,P (2742) Rishon Le Ziyyon 2006}) 13... Kxf8 14. Rae1 Kg7 15. Kh1 b5 16. a3 Bb7 17. f4 Rhf8 18. Rf3 b4 19. axb4 Nxb4 20. Rh3 Nxd3 21. Rxd3 e5 22. f5 gxf5 23. exf5 Kh8 24. Rh3 ({White should play} 24. Nd2 $15) 24... Rg8 $19 {[%cal Bf8g8,Bg8g5,Bg5f5][%mdl 32]} 25. Rg1 Rg5 {And now ...Rag8 would win.} 26. Nd2 Rag8 $36 {[%mdl 2048] Black has strong initiative.} 27. Nde4 Nxe4 28. Nxe4 Rxf5 29. Qd3 {[#] aiming for Nf6!} Rg6 $1 30. Rxh7+ $2 (30. Rg3) 30... Kxh7 31. Qh3+ Kg7 32. Qxf5 Qxc2 33. Ng3 Qxf5 ({Not} 33... Qxb2 34. Qd7 $17) 34. Nxf5+ {[%mdl 4096] Endgame KRB-KRN} Kf8 35. Ne3 Be4 36. h3 Rg3 {[%cal Rg3h3] [#]} 37. Re1 Rxh3+ 38. Kg1 Rg3 39. Kf2 Rg6 40. b4 d5 {Black is clearly winning.} 41. g3 Rc6 42. g4 Ke7 43. g5 Ke6 44. Kg3 Rc3 45. Kh4 Bf3 46. Nf1 d4 47. Ra1 Bb7 48. Nd2 e4 49. Nxe4 Bxe4 50. Rxa6+ Ke5 {( -> ...Bf5)} 51. Rf6 Bf5 {Precision: White = 29%, Black = 93%.} 0-1

[Event "84th BRA-ch 2017"]
[Site "Rio de Janeiro"]
[Date "2018.02.07"]
[Round "1.2"]
[White "Nery Junior, Jose Antonio"]
[Black "Mecking, Henrique"]
[Result "1/2-1/2"]
[WhiteElo "2134"]
[BlackElo "2597"]
[Annotator "TA"]
[PlyCount "42"]
[EventDate "2018.??.??"]
[EventType "k.o."]
[EventCountry "BRA"]
[SourceTitle "playchess.com"]
[Source "ChessBase"]
[SourceQuality "1"]

{[%evp 33,42,0,0,0,0,0,95,97,91,79,602]} 1. e4 c5 2. Nf3 d6 3. d4 cxd4 4. Nxd4 Nf6 5. Nc3 a6 6. Bg5 e6 7. f4 Nbd7 8. Qf3 Qc7 9. O-O-O b5 10. e5 Bb7 11. Qh3 dxe5 12. Nxe6 fxe6 13. Qxe6+ Be7 14. Bxb5 axb5 {B96: Sicilian Najdorf: 6 Bg5 e6 7 f4, lines other than 7...Qb6 and 7...Be7} 15. Nxb5 {[%cal Bc3b5,Bb5d6,Bd6f7][%mdl 32]} Qb6 (15... Qc6 16. Nd6+ Kd8 17. fxe5 Kc7 18. Qxe7 Rxa2 19. exf6 Ra1+ 20. Kd2 Qd5+ 21. Kc3 Qa5+ 22. Kd3 Qd5+ 23. Kc3 Qa5+ 24. Kd3 {½-½ (24) Kulaots,K (2573)-Korobov,A (2652) Tegernsee 2017}) 16. Nd6+ Kd8 17. Bxf6 Bxf6 {LiveBook: 5 Games} 18. Nf7+ Kc8 19. Rd6 $1 (19. Qxd7+ Kb8 $17) 19... Qe3+ $146 (19... Qb5 $11 20. c4 Qa4 21. fxe5 (21. Nxh8 Be4 $17) 21... Be7 22. Qxe7 Qxc4+ 23. Kd2 Qb4+ 24. Kc1 Qc4+ 25. Kd2 Qb4+ 26. Kc1 Qc4+) ({Find the theoretical novelty and annotate with similar games:} 19... Qb5 20. c4 Qa4 21. Rhd1 Be4 22. R1d2 Ra7 23. Rb6 Be7 24. Nxe5 Re8 25. Nxd7 Rxd7 26. Rb5 Red8 27. Qxe4 Qxa2 28. Rxd7 Rxd7 29. Qc6+ {½-½ (29) Duran Vallverdu,J (2298)-Van Willigen,J (2429) ICCF email 2015}) 20. Kb1 $16 Kb8 {[#] ...Nc5 is the strong threat.} 21. Rxd7 ({Inferior is} 21. Nxh8 Nc5 $17) 21... Rf8 $2 {[%mdl 40960] An unexpected result.} (21... Ra6 $16 22. Rd6 (22. Qc4 $2 Rc8 $19) (22. Rxb7+ Kxb7 23. Qd5+ Kc7 $16) 22... Bc8) 1/2-1/2

[Event "84th BRA-ch 2017"]
[Site "Rio de Janeiro"]
[Date "2018.02.07"]
[Round "1.3"]
[White "Mecking, Henrique"]
[Black "Nery Junior, Jose Antonio"]
[Result "1-0"]
[WhiteElo "2597"]
[BlackElo "2134"]
[Annotator "TA"]
[PlyCount "105"]
[EventDate "2018.??.??"]
[EventType "k.o."]
[EventCountry "BRA"]
[SourceTitle "playchess.com"]
[Source "ChessBase"]
[SourceQuality "1"]

{[%evp 29,105,60,56,49,68,53,58,47,84,80,93,93,102,95,98,110,120,118,137,127,115,111,115,102,115,114,115,46,102,46,56,61,81,70,90,85,83,74,106,91,80,62,66,70,70,38,81,93,93,62,122,90,132,54,70,43,143,143,151,123,165,151,183,192,167,169,366,345,375,249,277,247,810,781,2088,2064,29982,29983]} 1. d4 Nf6 2. c4 c5 3. d5 e6 4. Nc3 exd5 5. cxd5 d6 6. Nf3 {[%cal Bg1f3,Bf3d2,Bd2c4][%mdl 32]} g6 7. Nd2 Bg7 8. e4 O-O 9. Be2 Na6 10. O-O Nc7 11. a4 b6 12. Nc4 Ba6 13. Bg5 Re8 14. f3 Rb8 15. Kh1 Qd7 16. Qd2 {A79: Modern Benoni: Classical: 9...Re8 10 Nd2 Na6 11 f3} (16. Ne3 Bxe2 17. Qxe2 a6 18. Qf2 h6 19. Bxf6 Bxf6 20. Ng4 Bg7 21. Qh4 h5 22. Nf6+ Bxf6 23. Qxf6 b5 24. axb5 axb5 {½-½ (39) Levin,E (2505)-Shimanov,A (2655) St Petersburg 2013}) 16... Bxc4 17. Bxc4 a6 18. Be2 {[%cal Bc4e2,Be2d1,Bd1c2][%mdl 32] White is slightly better.} Rb7 $146 ({Predecessor:} 18... h5 19. Ra3 Nh7 20. Be3 Qe7 21. Rb1 Be5 22. b4 Qh4 23. Bg1 Nf6 24. bxc5 bxc5 {1-0 (70) Stremavicius,T (2370)-Vavulin,M (2431) Batumi 2014}) 19. Rab1 b5 20. b4 {Strongly threatening bxc5.} c4 21. a5 Rbb8 22. Bd1 Rf8 23. Bc2 Rbe8 24. Rbd1 Kh8 25. Be3 Qd8 26. Bd4 Nd7 27. Bxg7+ Kxg7 28. g4 (28. Ne2 $16) 28... Ne5 {[#]} ({Better is} 28... Qh4 $14) 29. h3 (29. g5 $1 $16) 29... Qh4 $14 30. Kg2 Kg8 31. Qf2 Qf6 32. Ne2 Nd7 {White should prevent ...Qb2.} 33. Qd4 Qe7 34. Ng3 Qe5 35. f4 Qxd4 36. Rxd4 f6 37. h4 Re7 38. h5 Kg7 39. Rdd1 Ne8 ({Black should play} 39... Rg8 $14) 40. Rh1 Kg8 41. hxg6 (41. Rh3 $16) 41... hxg6 42. Rh6 {Threatens to win with Rdh1.} Rg7 {[#]} (42... Rh7 $1 $14 43. Rxh7 (43. Rxg6+ Kf7 $11) 43... Kxh7) 43. Rdh1 $1 $16 {Black must now prevent e5.} Kf7 44. Kf3 Ke7 45. Ke3 Rff7 46. Ne2 Nf8 47. Nd4 Kd7 $2 (47... Nc7 48. f5 Rg8) 48. Rh8 $18 Nc7 49. Bd1 g5 50. f5 Rh7 $2 {[#]} (50... Ke7 51. Ne6 Nfxe6) 51. Rxf8 $1 {[%mdl 512]} Nxd5+ (51... Rxf8 52. Rxh7+) 52. exd5 Re7+ 53. Ne6 {Precision: White = 65%, Black = 23%.} 1-0